Southville International School and Colleges
Your cart is empty.
  • Cart
  • Lists
    Public lists Eva Luna New books Lux_list list_1
    Your lists Log in to create your own lists
  • Log in to your account
  • Your cookies
  • Search history
Southville International School and Colleges
  • Advanced search
  • Recent comments
  • Most popular
  • Libraries

Log in to your account

Log in with GOOGLE


If you do not have an external account, but do have a local account, you can still log in:

  1. Home
  2. MARC view: Digital design for print and web :
Normal view MARC view ISBD view

Digital design for print and web : (Record no. 25144)

[ view plain ]
MARC details
000 -LEADER
fixed length control field 00693nam a2200217 a 4500
005 - DATE AND TIME OF LATEST TRANSACTION
control field 20140310183604.0
008 - FIXED-LENGTH DATA ELEMENTS--GENERAL INFORMATION
fixed length control field 120613s19uu xx 00 eng d
020 ## - INTERNATIONAL STANDARD BOOK NUMBER
International Standard Book Number 9780470398364
050 ## - LIBRARY OF CONGRESS CALL NUMBER
Classification number NK 1520
Item number .D56 2010
100 ## - MAIN ENTRY--PERSONAL NAME
Personal name DiMarco, John
245 ## - TITLE STATEMENT
Title Digital design for print and web :
Remainder of title an introduction to theory, principles, and techniques /
Statement of responsibility, etc John DiMarco.
260 ## - PUBLICATION, DISTRIBUTION, ETC. (IMPRINT)
Place of publication, distribution, etc New Jersey :
Name of publisher, distributor, etc John Wiley and Sons,
Date of publication, distribution, etc 2010.
300 ## - PHYSICAL DESCRIPTION
Extent xvi, 336 p.
Other physical details col. ill. ;
Dimensions 26 cm.
500 ## - GENERAL NOTE
General note Includes index.
521 ## - TARGET AUDIENCE NOTE
Target audience note
650 ## - SUBJECT ADDED ENTRY--TOPICAL TERM
Topical term or geographic name as entry element Commercial art
General subdivision Data processing
650 ## - SUBJECT ADDED ENTRY--TOPICAL TERM
Topical term or geographic name as entry element Graphic arts
General subdivision Data processing
650 ## - SUBJECT ADDED ENTRY--TOPICAL TERM
Topical term or geographic name as entry element Websites
General subdivision Design
942 ## - ADDED ENTRY ELEMENTS (KOHA)
Koha item type Books
Source of classification or shelving scheme Library of Congress Classification
Call number prefix Foreign
Holdings
Withdrawn status Lost status Source of classification or shelving scheme Damaged status Home library Current library Shelving location Date acquired Source of acquisition Total Checkouts Full call number Barcode Date last seen Date checked out Copy number Price effective from Koha item type
    Library of Congress Classification   College Library College Library General Circulation Section 01/22/2014 Donation 1 NK 1520 .D56 2010 C14506 04/08/2019 04/08/2019 1 01/22/2014 Books

Digital design for print and web :

APA

DiMarco J., . (2010). Digital design for print and web. New Jersey: John Wiley and Sons.

Chicago

DiMarco John, . 2010. Digital design for print and web. New Jersey: John Wiley and Sons.

Harvard

DiMarco J., . (2010). Digital design for print and web. New Jersey: John Wiley and Sons.

MLA

DiMarco John, . Digital design for print and web. New Jersey: John Wiley and Sons. 2010.

  • Place hold
  • Print
  • Cite
  • Add to your cart (remove)
  • Save record
    BIBTEX Dublin Core MARCXML MARC (non-Unicode/MARC-8) MARC (Unicode/UTF-8) MARC (Unicode/UTF-8, Standard) MODS (XML) RIS
  • More searches
    Search for this title in:
    Other Libraries (WorldCat) Other Databases (Google Scholar) Online Stores (Bookfinder.com) Open Library (openlibrary.org)

Exporting to Dublin Core...

SOUTHVILLE LIBRARY

Southville International School and Colleges Library

1281 Tropical Ave. Cor. Luxembourg St., BF Homes International, Las Pinas City

Tel. No. 8256374 / 252358 Loc. 117/146

Powered by Koha